In quale anno? - Quiz n°22 - Statistics

Statistiche generali
  • Questo quiz è stato fatto 17 volte
  • Il punteggio medio è 3 su 8
Statistiche sulle risposte
Domanda Risposta % Corretto
Stati Uniti/Francia: gli USA acquistano la Louisiana dalla Francia per 15.000.000 dollari. 1803
83%
Alessandro Manzoni scrive l'ode Il cinque maggio. 1821
50%
Stati Uniti: John Fitzgerald Kennedy vince le elezioni presidenziali sconfiggendo con pochi voti di scarto il candidato repubblicano Richard Nixon e diventando così il 35º Presidente degli Stati Uniti. 1960
50%
Apertura ufficiale del Canale di Suez 1869
33%
Il Barcellona FC vince la sua seconda Champions League sconfiggendo 2-1 l'Arsenal nella finale allo Stade de France di Parigi. 2006
33%
A Milano si completa la costruzione del teatro La Scala. 1778
17%
Austria: Napoleone, sconfitta la V coalizione antifrancese (comprendente il Tirolo), occupa Vienna. 1809
17%
In Giappone viene fondata la Nintendo da Fusajiro Yamauchi 1889
17%
Nessun quiz corrispondente trovato
Distribuzione punteggi
Percentuale di utenti per punteggio
Percentile per numero di risposta
I tuoi punteggi nel tempo
Non hai fatto questo quiz